| 000 | 00363nam a2200157Ia 4500 | ||
|---|---|---|---|
| 008 | 210210b1921 xxu||||| |||| 00| 0 eng d | ||
| 041 | _aeng | ||
| 082 | _a822/499 | ||
| 100 | _aGOSSE (Edmund) | ||
| 245 | _aNorthern studies | ||
| 260 |
_aLondon _bNot Mentioned _c1921 |
||
| 650 | _astudies | ||
| 650 | _aNorthern | ||
| 690 | _aEnglish Prose | ||
| 906 | _a012685 | ||
| 999 |
_c131497 _d131497 |
||